00496nam a2200145Ia 4500003000400000005001700004008004100021040000900062082001500071100007800086245012200164260004400286300000900330650001100339OSt20210913101200.0190216s9999||||xx |||||||||||||| ||und|| coclc a297bALS/R aAl Shafie, Abdulla Mohammed Ibnu Abdulla Rahiman Ad Dam Sheikh Al Uthmami 0aRahmath Al Ummath Fi Ikhthilaf Al Ahimmath /cAbdulla Mohammed Ibnu Abdulla Rahiman Ad Dam Sheikh Al Uthmami Al Shafi bAl Sheikh Khalifath Bin Hamad Al Thani, a444p aArabic